Catalog

Record Details

Catalog Search



Člověk mezi nebem a zemí : pojetí víry u P. Tillicha a K. Bartha Cover Image Book Book

Člověk mezi nebem a zemí : pojetí víry u P. Tillicha a K. Bartha Petr Gallus

Gallus, Petr (Author).

Record details

  • ISBN: 80-86498-11-5
  • Physical Description: 515 s.
  • Edition: vydání první
  • Publisher: Jihlava Mlýn 2005

Available copies

  • 1 of 1 copy available at Common Catalog SPOK.

Holds

  • 0 current holds with 1 total copy.
Show Only Available Copies
Location Call Number / Copy Notes Barcode Shelving Location Status Due Date
ETS Library 234.2 424470012049 Volný výběr Available -

LDR 00692nam a2 00253
00142758
003CZ-PrJAB
00520150304110956.0
008100424s2005 xr e |||| |cze
009cz
020 . ‡a80-86498-11-5
035 . ‡a(CONS)1721
035 . ‡aKPS13360
040 . ‡aABG450
041 . ‡acze
08214. ‡a234.2
100 . ‡77122 ‡aGallus, Petr
245 . ‡aČlověk mezi nebem a zemí : ‡bpojetí víry u P. Tillicha a K. Bartha ‡cPetr Gallus
250 . ‡avydání první
260 . ‡aJihlava ‡bMlýn ‡c2005
300 . ‡a515 s.
653 . ‡apojetí víry u P. Tillicha a K. Bartha
8524 . ‡bETS ‡bETS ‡cVolný výběr ‡j234.2 ‡gA ‡p424470012049
910 . ‡aABG450
999 . ‡a1721 ‡bAUTOGEN ‡c1721 ‡tbiblio
905 . ‡uadmin
901 . ‡a42758 ‡b ‡c42758 ‡tbiblio ‡sets

Additional Resources